Understanding the medieval meditative ascent : Augustine, Anselm, Boethius, & Dante /

Bibliographic Details
Main Author: McMahon, Robert, 1950-
Format: eBook
Language:English
Published: Washington, D.C. : Catholic University of America Press, [2006]
Subjects:
Online Access:Connect to the full text of this electronic book

MARC

Tag First Indicator Second Indicator Subfields
LEADER 00000cam a22000004a 4500
001 in00003400607
005 20190405203811.0
006 m o d
007 cr |||||||nn|n
008 050316s2006 dcu o d eng d
010 |z  2005007734 
020 |a 9780813216287 
020 |z 0813214378 (alk. paper) 
020 |z 9780813214375 
035 |a (MdBmJHUP)muse9780813216287 
040 |a MdBmJHUP  |c MdBmJHUP  |d UtOrBLW 
050 0 0 |a BV4818  |b .M36 2006 
082 0 0 |a 248  |2 22 
100 1 |a McMahon, Robert,  |d 1950- 
245 1 0 |a Understanding the medieval meditative ascent :  |b Augustine, Anselm, Boethius, & Dante /  |c Robert McMahon. 
264 1 |a Washington, D.C. :  |b Catholic University of America Press,  |c [2006] 
264 4 |c ©2006 
300 |a 1 online resource (xiv, 284 pages ) 
336 |a text  |b txt  |2 rdacontent 
337 |a computer  |b c  |2 rdamedia 
338 |a online resource  |b cr  |2 rdacarrier 
504 |a Includes bibliographical references (pages 267-280) and index. 
505 0 |a The meditative ascent : paradigm and principles : ascent and return -- The unity of meditative structure and texture in Augustine's Confessions -- A moving viewpoint : Augustine's meditative philosophy in the Confessions -- Meditative movement in Anselm's Proslogion -- Recollecting oneself : meditative movement in The consolation of philosophy. 
588 |a Description based on print version record. 
500 |a Electronic resource. 
650 0 |a Devotional literature  |x History and criticism. 
600 0 0 |a Dante Alighieri,  |d 1265-1321.  |t Divina commedia. 
600 0 0 |a Boethius,  |d -524.  |t De consolatione philosophiae. 
600 0 0 |a Anselm,  |c Saint, Archbishop of Canterbury,  |d 1033-1109.  |t Proslogion. 
600 0 0 |a Augustine,  |c of Hippo, Saint,  |d 354-430.  |t Confessiones. 
655 7 |a Electronic books.  |2 local 
856 4 0 |u http://proxy.library.tamu.edu/login?url=http://muse.jhu.edu/books/9780813216287/  |z Connect to the full text of this electronic book  |t 0 
999 |a MARS 
999 f f |s 14436fec-7d75-3222-92ce-c82471fb47ab  |i 47db3679-fc09-3a90-b9e3-fff0db0e39cc  |t 0 
952 f f |a Texas A&M University  |b College Station  |c Electronic Resources  |d Available Online  |t 0  |e BV4818 .M36 2006  |h Library of Congress classification 
998 f f |a BV4818 .M36 2006  |t 0  |l Available Online